[Event "St Veit op 41st"]
[Site "St Veit"]
[Date "2022.07.10"]
[Round "3"]
[White "Novosel, Lovro"]
[Black "Buchegger, Fridolin"]
[Result "1-0"]
[WhiteElo "2255"]
[BlackElo "1961"]
[PlyCount "49"]
[EventDate "2022.07.09"]
[EventType "swiss"]
[EventRounds "9"]
[EventCountry "AUT"]
[SourceTitle "CBM 209 Extra"]
[Source "ChessBase"]
[SourceDate "2022.09.30"]
[SourceVersion "1"]
[SourceVersionDate "2022.09.30"]
[SourceQuality "1"]

1. d4 Nf6 2. Nf3 g6 3. g3 Bg7 4. Bg2 0-0 5. 0-0 c6 6. c4 d6 7. Nc3 Nbd7 8. e4 e5 9. h3 a5 10. Be3 Re8 11. Qc2 exd4 12. Nxd4 Nc5 13. Rad1 Qe7 14. Rfe1 Ne6 15. f4 Nxd4 16. Bxd4 Nd7 17. Qf2 Bf8 18. b3 Nc5 19. e5 Ne6 20. exd6 Qxd6 21. Ne4 Qd8 22. Nf6+ Kh8 23. Nxe8+ Nxd4 24. Rxd4 Qb6 25. Nd6 1-0

[Event "AUT-ch U18"]
[Site "St Veit"]
[Date "2022.04.13"]
[Round "6"]
[White "Buchegger, Fridolin"]
[Black "Weichhart, Daniel"]
[Result "0-1"]
[WhiteElo "2025"]
[BlackElo "2022"]
[PlyCount "86"]
[EventDate "2022.04.10"]
[EventType "swiss"]
[EventRounds "7"]
[EventCountry "AUT"]
[SourceTitle "EXT 2023"]
[Source "ChessBase"]
[SourceDate "2022.10.05"]
[SourceVersion "1"]
[SourceVersionDate "2022.10.05"]
[SourceQuality "1"]

1. d4 d5 2. Nf3 Nf6 3. e3 Bg4 4. Nbd2 e6 5. h3 Bh5 6. Be2 Bd6 7. b3 0-0 8. Bb2 c5 9. 0-0 cxd4 10. exd4 Nc6 11. Ne5 Bxe2 12. Qxe2 Rc8 13. a3 a6 14. Rac1 Qe7 15. b4 b5 16. Nb3 Bxe5 17. dxe5 Nd7 18. Qe3 Qd8 19. f4 Nb6 20. f5 Nc4 21. Qg3 exf5 22. Bd4 Nxd4 23. Nxd4 Qb6 24. Rf4 Nxe5 25. Kh1 Rc4 26. Nxf5 Ng6 27. Rxc4 dxc4 28. h4 Qf6 29. Rf1 Ne7 30. Ne3 Qe6 31. Ng4 Qg6 32. Kg1 h5 33. Qc7 Nd5 34. Qe5 hxg4 35. Qxd5 Qxc2 36. Qd6 Qg6 37. Qd5 Qe6 38. Qg5 Re8 39. Kh1 Qe2 40. Qf5 Qe6 41. Qg5 f6 42. Qg6 Qe4 43. Qh5 Re5 0-1

[Event "AUT-ch U18"]
[Site "St Veit"]
[Date "2022.04.12"]
[Round "4"]
[White "Buchegger, Fridolin"]
[Black "Koestner, Laurin"]
[Result "1-0"]
[WhiteElo "2025"]
[BlackElo "1682"]
[PlyCount "77"]
[EventDate "2022.04.10"]
[EventType "swiss"]
[EventRounds "7"]
[EventCountry "AUT"]
[SourceTitle "EXT 2023"]
[Source "ChessBase"]
[SourceDate "2022.10.05"]
[SourceVersion "1"]
[SourceVersionDate "2022.10.05"]
[SourceQuality "1"]

1. d4 Nf6 2. c4 e6 3. Nf3 d5 4. g3 Be7 5. Bg2 0-0 6. 0-0 dxc4 7. Qc2 a6 8. a4 Bd7 9. Ne5 Bc6 10. Nxc6 Nxc6 11. Bxc6 bxc6 12. a5 Qxd4 13. Ra4 Rfd8 14. Rxc4 Qd5 15. Bd2 Rab8 16. Rc1 Qh5 17. f3 c5 18. Nc3 Nd5 19. Ne4 Rb5 20. Nxc5 Rdb8 21. Nd3 Bd6 22. Kg2 f5 23. e4 fxe4 24. Rxe4 Rf8 25. Rf1 Qg6 26. Qd1 h5 27. Qe2 Rb3 28. Be3 h4 29. Bd4 hxg3 30. Rg4 Qxg4 31. fxg4 Rxf1 32. Kxf1 gxh2 33. Qxe6+ Kh7 34. Nf2 Rb5 35. Qe4+ Kg8 36. Qe8+ Kh7 37. Qf7 Be5 38. Qf5+ Kg8 39. Qxe5 1-0

[Event "AUT-ch U18"]
[Site "St Veit"]
[Date "2022.04.11"]
[Round "3"]
[White "Marte, Lukas"]
[Black "Buchegger, Fridolin"]
[Result "1/2-1/2"]
[WhiteElo "1659"]
[BlackElo "2025"]
[PlyCount "123"]
[EventDate "2022.04.10"]
[EventType "swiss"]
[EventRounds "7"]
[EventCountry "AUT"]
[SourceTitle "EXT 2023"]
[Source "ChessBase"]
[SourceDate "2022.10.05"]
[SourceVersion "1"]
[SourceVersionDate "2022.10.05"]
[SourceQuality "1"]

1. e4 e5 2. Nf3 Nc6 3. Bc4 Bc5 4. c3 Nf6 5. d3 d6 6. 0-0 a6 7. Bb3 Ba7 8. Nbd2 0-0 9. h3 h6 10. Re1 Re8 11. Nf1 Be6 12. Ng3 d5 13. exd5 Bxd5 14. Bxd5 Nxd5 15. Be3 Nxe3 16. fxe3 Qd5 17. c4 Qe6 18. Kh2 Rad8 19. Qb3 b6 20. Rad1 Qf6 21. a4 Bb8 22. Qc3 a5 23. Rf1 Qg6 24. e4 Nd4 25. Qd2 c6 26. Nh4 Qg5 27. Qxg5 hxg5 28. Nf3 Ne6 29. Nf5 g6 30. Ne3 Kg7 31. Ng4 f6 32. Rf2 Bd6 33. Nd2 Be7 34. Nb3 Rh8 35. g3 Rhf8 36. Kg2 Rd7 37. Rf3 Rfd8 38. Kf2 Bc5+ 39. Ke2 Rf7 40. Rdf1 Be7 41. Nxe5 Rff8 42. Nxc6 Rd7 43. Nxe7 Rxe7 44. d4 Rc8 45. Kd3 Rh8 46. d5 Nf8 47. g4 Nd7 48. Kd4 Ne5 49. Rc3 Rd7 50. Rh1 Nxg4 51. c5 Re7 52. Rf1 bxc5+ 53. Nxc5 Ne5 54. Ne6+ Kf7 55. Nxg5+ Kg7 56. Ne6+ Kf7 57. Rfc1 g5 58. Kc5 Rc8+ 59. Kb5 Rb8+ 60. Ka6 Ra8+ 61. Kb6 Rb8+ 62. Ka6 1/2-1/2

[Event "AUT-ch U18"]
[Site "St Veit"]
[Date "2021.10.27"]
[Round "5.2"]
[White "Peyrer, Konstantin"]
[Black "Buchegger, Fridolin"]
[Result "1-0"]
[WhiteElo "2300"]
[BlackElo "1974"]
[PlyCount "67"]
[EventDate "2021.10.25"]
[EventType "swiss"]
[EventRounds "7"]
[EventCountry "AUT"]
[SourceTitle "EXT 2023"]
[Source "ChessBase"]
[SourceDate "2022.10.05"]
[SourceVersion "1"]
[SourceVersionDate "2022.10.05"]
[SourceQuality "1"]

1. c4 c5 2. Nf3 Nc6 3. g3 g6 4. Bg2 Bg7 5. Nc3 d6 6. 0-0 Bf5 7. h3 Nf6 8. d3 0-0 9. a3 Qc8 10. Kh2 Ne8 11. Be3 Nc7 12. d4 cxd4 13. Nxd4 Bd7 14. Rc1 Nxd4 15. Bxd4 Bc6 16. Nd5 Qd7 17. Bxg7 Kxg7 18. Qd2 Bxd5 19. cxd5 Rfc8 20. h4 e6 21. dxe6 Nxe6 22. Rfd1 Qb5 23. b4 a5 24. Rxc8 Rxc8 25. bxa5 Qc5 26. Qb2+ Kg8 27. Qxb7 Rc7 28. Qb8+ Kg7 29. Qb2+ Kg8 30. a6 Ra7 31. Rd5 Qxf2 32. Rxd6 Qc5 33. Rb6 Nf8 34. Qb4 1-0

[Event "AUT-ch Vor4 Internet"]
[Site "Playchess.com INT"]
[Date "2020.04.25"]
[Round "4"]
[White "Do Quoc, Khanh"]
[Black "Buchegger, Fridolin"]
[Result "1-0"]
[WhiteElo "1860"]
[BlackElo "1827"]
[PlyCount "51"]
[EventDate "2020.04.25"]
[EventType "swiss (blitz)"]
[EventRounds "9"]
[EventCountry "AUT"]
[SourceTitle "EXT 2021"]
[Source "ChessBase"]
[SourceDate "2020.10.23"]
[SourceVersion "1"]
[SourceVersionDate "2020.10.23"]
[SourceQuality "1"]

1. e4 e5 2. Nf3 Nc6 3. Bc4 Bc5 4. c3 Nf6 5. d3 d6 6. 0-0 h6 7. Nbd2 0-0 8. h3 a6 9. Bb3 Be6 10. Re1 Ba7 11. Nf1 Ne7 12. Nh4 c6 13. Qf3 Qc7 14. Bxh6 gxh6 15. Qxf6 Kh7 16. Ng3 Ng8 17. Qf3 Qe7 18. Nhf5 Qg5 19. h4 Qf6 20. Nxd6 Qg6 21. Ngf5 Bb8 22. Nxb7 Ra7 23. Nc5 Bc7 24. d4 exd4 25. cxd4 Qh5 26. Qxh5 1-0

[Event "AUT-ch Vor3 Internet"]
[Site "Playchess.com INT"]
[Date "2020.04.17"]
[Round "2"]
[White "Buchegger, Fridolin"]
[Black "Huber, Martin Christian"]
[Result "1-0"]
[WhiteElo "1827"]
[BlackElo "2341"]
[PlyCount "105"]
[EventDate "2020.04.17"]
[EventType "swiss (blitz)"]
[EventRounds "9"]
[EventCountry "AUT"]
[SourceTitle "CBM 195 Extra"]
[Source "ChessBase"]
[SourceDate "2020.05.31"]
[SourceVersion "1"]
[SourceVersionDate "2020.05.31"]
[SourceQuality "1"]

1. e4 c5 2. Nf3 e6 3. d4 cxd4 4. Nxd4 Nc6 5. Nc3 Qc7 6. Be3 a6 7. Bd3 b5 8. 0-0 Bb7 9. a3 Rc8 10. Qd2 Nf6 11. f3 Be7 12. Kh1 0-0 13. Rad1 d6 14. f4 Rfd8 15. Qf2 Ng4 16. Qf3 Nxe3 17. Qxe3 Nxd4 18. Qxd4 Bf6 19. Qe3 Bxc3 20. bxc3 Qxc3 21. Qh3 d5 22. exd5 Bxd5 23. Qxh7+ Kf8 24. f5 Ke7 25. fxe6 Bxe6 26. Rde1 Rh8 27. Qf5 Qc7 28. Qxf7+ Kd6 29. Qxe6+ Kc5 30. Rf5+ Kd4 31. Qe5+ Qxe5 32. Rexe5 Kc3 33. Rc5+ Kb2 34. Rxc8 Rxc8 35. Rg5 Kxa3 36. Rxg7 Rc6 37. Ra7 Kb4 38. g4 Rb6 39. g5 a5 40. h4 a4 41. h5 Kc3 42. g6 Kb2 43. g7 Rb8 44. Bxb5 a3 45. Bc4 Rc8 46. Bb3 Rc5 47. g8Q Rxh5+ 48. Kg2 Rc5 49. Qe6 Rc3 50. Qf6 a2 51. Rxa2+ Kb1 52. Qxc3 Kc1 53. Qe1# 1-0

[Event "AUT-ch Vor3 Internet"]
[Site "Playchess.com INT"]
[Date "2020.04.17"]
[Round "7"]
[White "Buchegger, Fridolin"]
[Black "Leisenberger, Harald"]
[Result "1-0"]
[WhiteElo "1827"]
[BlackElo "2144"]
[PlyCount "71"]
[EventDate "2020.04.17"]
[EventType "swiss (blitz)"]
[EventRounds "9"]
[EventCountry "AUT"]
[SourceTitle "CBM 195 Extra"]
[Source "ChessBase"]
[SourceDate "2020.05.31"]
[SourceVersion "1"]
[SourceVersionDate "2020.05.31"]
[SourceQuality "1"]

1. d4 Nf6 2. Nf3 d5 3. Bf4 e6 4. e3 c5 5. c3 Nc6 6. Bd3 Bd6 7. Bg3 0-0 8. Nbd2 b6 9. Ne5 Bb7 10. 0-0 Qc7 11. f4 Ne7 12. Bh4 Ne4 13. Rf3 Nf5 14. Rh3 f6 15. Ng4 Qf7 16. Nf2 Nxf2 17. Bxf2 g6 18. Qf3 Rae8 19. Kh1 Be7 20. Rg1 Nd6 21. g4 Ne4 22. Nxe4 dxe4 23. Bxe4 Bxe4 24. Qxe4 e5 25. f5 exd4 26. fxg6 hxg6 27. exd4 Bd6 28. Qd3 c4 29. Qd2 Qd5+ 30. Rg2 Kf7 31. Rh7+ Ke6 32. Qe3+ Be5 33. dxe5 fxe5 34. Qg3 Rf3 35. Qh4 Ref8 36. Qe7# 1-0

[Event "Kirchberg op 7th"]
[Site "Kirchberg"]
[Date "2019.09.01"]
[Round "7"]
[White "Hofstadler, Mario"]
[Black "Buchegger, Fridolin"]
[Result "0-1"]
[WhiteElo "1736"]
[BlackElo "1759"]
[PlyCount "86"]
[EventDate "2019.08.26"]
[EventType "swiss"]
[EventRounds "7"]
[EventCountry "AUT"]
[SourceTitle "EXT 2020"]
[Source "ChessBase"]
[SourceDate "2019.10.17"]
[SourceVersion "1"]
[SourceVersionDate "2019.10.17"]
[SourceQuality "1"]

1. d4 Nf6 2. Bf4 g6 3. e3 Bg7 4. h3 0-0 5. Nf3 d6 6. Be2 Nbd7 7. 0-0 c5 8. c3 a6 9. a4 b6 10. Na3 Bb7 11. Bh2 Qe8 12. Rc1 Rd8 13. Qc2 Ne4 14. Rfd1 Nb8 15. Nc4 Nd7 16. Ne1 d5 17. Na3 e5 18. Nf3 Qe6 19. Qb3 c4 20. Qa2 Bc6 21. Nc2 b5 22. a5 Rb8 23. dxe5 Nxe5 24. Nfd4 Qd7 25. Nxc6 Qxc6 26. Nb4 Qe6 27. Bxe5 Bxe5 28. Rxd5 Rfd8 29. Rdd1 Rxd1+ 30. Bxd1 Rd8 31. Qb1 Nd2 32. Qc2 Nb3 33. Bf3 Nxc1 34. Qxc1 Bc7 35. Qc2 Qd6 36. Nc6 Qd2 37. Qb1 Rd7 38. h4 Qd6 39. g3 Qd2 40. Kg2 Rd3 41. h5 Rxe3 42. hxg6 Re1 43. Qd3 Qh6 0-1

[Event "Haid op 6th"]
[Site "Haid"]
[Date "2018.08.31"]
[Round "5"]
[White "Luger, Andreas"]
[Black "Buchegger, Fridolin"]
[Result "1-0"]
[WhiteElo "1859"]
[BlackElo "1154"]
[PlyCount "59"]
[EventDate "2018.08.27"]
[EventType "swiss"]
[EventRounds "7"]
[EventCountry "AUT"]
[SourceTitle "CBM 186 Extra"]
[Source "ChessBase"]
[SourceDate "2018.08.24"]
[SourceVersion "1"]
[SourceVersionDate "2018.08.24"]
[SourceQuality "1"]

1. e4 e5 2. Nf3 Nc6 3. d4 exd4 4. Bc4 Be7 5. c3 Na5 6. Be2 Nf6 7. e5 Nd5 8. Qxd4 Nb6 9. e6 0-0 10. exf7+ Rxf7 11. Ne5 Nc6 12. Nxc6 dxc6 13. Be3 Be6 14. 0-0 Nd5 15. Rd1 Bg5 16. Na3 Bxe3 17. fxe3 Qf6 18. Rf1 Qxd4 19. exd4 Raf8 20. Rxf7 Rxf7 21. Nc4 Nf4 22. Bf1 Ng6 23. b3 Kf8 24. Re1 Ke7 25. Na5 b6 26. Nxc6+ Kd7 27. Nxa7 c6 28. Rxe6 Kxe6 29. Nxc6 Kd6 30. Nb4 1-0

[Event "Haid op 6th"]
[Site "Haid"]
[Date "2018.08.27"]
[Round "1"]
[White "Buchegger, Fridolin"]
[Black "Wadsack, Thomas"]
[Result "0-1"]
[WhiteElo "1154"]
[BlackElo "1872"]
[PlyCount "64"]
[EventDate "2018.08.27"]
[EventType "swiss"]
[EventRounds "7"]
[EventCountry "AUT"]
[SourceTitle "CBM 186 Extra"]
[Source "ChessBase"]
[SourceDate "2018.08.24"]
[SourceVersion "1"]
[SourceVersionDate "2018.08.24"]
[SourceQuality "1"]

1. e4 e5 2. Nf3 Nc6 3. Nc3 Bc5 4. Nxe5 Nxe5 5. d4 Bd6 6. dxe5 Bxe5 7. Bc4 Nf6 8. Bg5 d6 9. f4 Bxc3+ 10. bxc3 Qe7 11. 0-0 0-0 12. Bxf6 Qxf6 13. e5 dxe5 14. fxe5 Qb6+ 15. Qd4 Be6 16. Qxb6 axb6 17. Bxe6 fxe6 18. Rxf8+ Kxf8 19. a4 Ra5 20. Re1 Rxa4 21. Kf2 Rc4 22. Re3 b5 23. Ke2 b4 24. Kd2 Rxc3 25. Rxc3 bxc3+ 26. Kxc3 Kf7 27. g4 Kg6 28. h4 h5 29. g5 Kf5 30. Kd4 Kg4 31. Ke4 Kxh4 32. Kf4 g6 0-1